| 000 | 00586cam a2200193 4500500 | ||
|---|---|---|---|
| 005 | 20260329003920.0 | ||
| 041 | _afre | ||
| 042 | _adc | ||
| 100 | 1 | 0 |
_aPortevin, Catherine _eauthor |
| 245 | 0 | 0 | _aLa société de transparence |
| 260 | _c2017. | ||
| 500 | _a93 | ||
| 690 | _aByung-Chul Han | ||
| 690 | _aCatherine Portevin | ||
| 690 | _aPascal Chabot | ||
| 690 | _aTransparence | ||
| 786 | 0 | _nPhilosophie magazine | 112 | 9 | 2017-09-01 | p. 45-48 | 1951-1787 | |
| 856 | 4 | 1 | _uhttps://shs.cairn.info/magazine-philosophie-magazine-2017-9-page-45?lang=fr&redirect-ssocas=7080 |
| 999 |
_c1828932 _d1828932 |
||